00872nam a2200217 a 4500001001000000003000500010005001700015008004100032010001100073011001100084040000900095100002800104245013500132260004100267500006000308502010200368650004900470650002700519650003800546856007000584000112857CHAP20220329144325.0170120s2016 mx a fsm |||||||spa d a109318 a110290 cCHAP1 aValencia Lamas, Enedino10aIndicadores de desarrollo del sector agrícola en México del período (1990-2014) /h[En línea]cpor Enedino Valencia Lamas. aChapingo, Méx. :bEl autor,c2016. aPara ver el contenido del material haga clic en la liga aTesis (Ing. en Economía Agrícola) -- UACH. División de Ciencias Económico Administrativas14aAgriculturaxAspectos económicoszMéxico14aDesarrollo agrícola.14aDesarrollo sustentablexMéxico. aFinding aiduhttp://10.13.5.2/tesis/sist112857.pdfzTeclea aquí